000 00677nam a22002177a 4500
003 UA-OsUOA
001 118627
007 ta
008 20160912b un ||||| |||| 00| 0 ukr d
100 _aЧмир О.
090 _a81
_bЧ-74
942 _cSA
040 _aUA-OsUOA
_bukr
_cUA-OsUOA
_dUA-OsUOA
245 _aМова нашого Первослова. Як виникла писемно-літературна традиція Кирила й Мефодія
300 _aС.14
955 _a0
041 _aukr
080 _a81
773 0 _w118626
650 7 _a8 Мовознавство. Художня література. Літературознавство
_2UDC
999 _c404702
_d404702